Síntesis de la evolución de la ciencia económica y sus métodos / (Record no. 188963)

MARC details
000 -LEADER
campo de control de longitud fija 00839nam a2200217 i 4500
001 - NÚMERO DE CONTROL
campo de control 188963
003 - IDENTIFICADOR DE NÚMERO DE CONTROL
campo de control ES-MaACL
005 - FECHA Y HORA DE LA ÚLTIMA TRANSACCIÓN
campo de control 20250824212439.0
008 - DATOS DE LONGITUD FIJA--INFORMACIÓN GENERAL
campo de control de longitud fija 190306s1964 sp |||| | spa d
100 1# - ENTRADA PRINCIPAL--NOMBRE DE PERSONA
Nombre de persona Schumpeter, Joseph A.,
Fechas asociadas al nombre 1883-1950
9 (RLIN) 104815
245 10 - MENCIÓN DEL TÍTULO
Título Síntesis de la evolución de la ciencia económica y sus métodos /
Mención de responsabilidad, etc. Joseph A. Schumpeter ; [versión Jorge Petit Fontseré] ; prólogo de Fabián Estapé.
260 ## - PUBLICACIÓN, DISTRIBUCIÓN, ETC.
Lugar de publicación, distribución, etc. Vilasar de Mar, Barcelona :
Nombre del editor, distribuidor, etc. Occidente,
Fecha de publicación, distribución, etc. 1964.
300 ## - DESCRIPCIÓN FÍSICA
Extensión 212 p. ;
Dimensiones 22 cm.
490 1# - MENCIÓN DE SERIE
Mención de serie Libros de economía Oikos ;
Designación de volumen o secuencia 1
650 04 - PUNTO DE ACCESO ADICIONAL DE MATERIA--TÉRMINO DE MATERIA
Término de materia o nombre geográfico como elemento de entrada Economía-
Subdivisión de forma Historia.
9 (RLIN) 12012
700 1# - ENTRADA AGREGADA--NOMBRE PERSONAL
Nombre de persona Estapé, Fabián (
Fechas asociadas al nombre 1923-2012)
9 (RLIN) 48011
700 1# - ENTRADA AGREGADA--NOMBRE PERSONAL
Nombre de persona Petit Fontserè, Jordi.
9 (RLIN) 91517
830 10 - PUNTO DE ACCESO ADICIONAL DE SERIE-TÍTULO UNIFORME
Título uniforme Libros de economía Oikos
Designación de volumen o secuencia 1
9 (RLIN) 193243
852 ## - LOCALIZACIÓN
Ubicación ES-MaACL
Número de control de estantería P-522-Ter-1
Holdings
Estatus retirado Estado de pérdida Estado de daño No para préstamo Biblioteca de origen Biblioteca actual Ubicación en estantería Fecha de adquisición Fuente de adquisición Total de préstamos Signatura topográfica completa Código de barras Visto por última vez Precio de reemplazo Tipo de ítem Koha
        Biblioteca del Ateneo de Madrid Biblioteca del Ateneo de Madrid Depósito 2 06/03/2019     P-522-Ter-1 1200113 23/02/2023 23/02/2023 Libro impreso